| 000 | 01414nam a2200421 i 4500 | ||
|---|---|---|---|
| 001 | 11077 | ||
| 003 | KOSZ 005 | ||
| 005 | 20240829103336.0 | ||
| 008 | 240829s1960 pl a g 001 0 pol | ||
| 015 | _aPB 1960/7915 | ||
| 040 |
_aWA N _cWA N _dKOSZ 005/RW _dKOSZ 005/HR |
||
| 041 | 0 |
_apol _alat |
|
| 046 | _k1960 | ||
| 080 | _a94(438).02/.03 | ||
| 245 | 0 | 0 |
_aMonumenta Poloniae historica = _bPomniki dziejowe Polski. _nT. 1. / _cedidit August Bielowski. |
| 246 | 3 | 1 | _aPomniki dziejowe Polski. |
| 260 |
_aWarszawa : _bPaństwowe Wydawnictwo Naukowe, _c1960 |
||
| 300 |
_a[8], XXXII, 946, [2] stron, [8] kart tablic : _bilustracje ; _c26 cm. |
||
| 336 |
_aTekst _btxt _2rdacontent |
||
| 337 |
_aBez urządzenia pośredniczącego _bn _2rdamedia |
||
| 338 |
_aWolumin _bnc _2rdacarrier |
||
| 380 | _aKsiążki | ||
| 380 | _aPublikacje popularnonaukowe | ||
| 388 | 1 | _a1801-1900 | |
| 388 | 1 | _a1901-2000 | |
| 388 | 1 | _a1945-1989 | |
| 504 | _aIndeks. | ||
| 648 | 7 | _a 901-1000 | |
| 648 | 7 | _a1001-1100 | |
| 648 | 7 | _a1101-1200 | |
| 651 | 7 | _aPolska | |
| 655 | 7 | _aWydawnictwo źródłowe | |
| 658 | _aHistoria | ||
| 700 | 1 |
_aBielowski, August _d(1806-1876) _eRedakcja |
|
| 710 | 2 |
_aPaństwowe Wydawnictwo Naukowe _4pbl |
|
| 856 |
_uhttp://koha.tu.koszalin.pl/cgi-bin/koha/opac-detail.pl?biblionumber=11077 _yKatalog online BPK |
||
| 942 |
_2UKD _cKS |
||
| 999 |
_c11077 _d11077 |
||